O dia depois de amanhã (Registo nº 888)

Detalhes MARC
000 -Etiqueta do registo
Cabeçalho 01535ngm0a2200313 4500
005 - Identificador da versão
Campo de controlo 20240822164103.0
035 ## - Other System Control Numbers
System Control Number 0000956
System Control Number 0000949
System Control Number 0000935
100 ## - Dados gerais de processamento
Dados gerais de processamento 20090311 m y0pory5003 ba
101 0# - Língua de publicação
Língua do texto, banda sonora, etc. Inglês
Língua das legendas Português
102 ## - Pais de publicação ou produção
País de publicação Portugal
115 ## - Campo de dados codificados: Projecções Visuais, Filmes e Vídeos
Dados modificados - geral c119bbz z c
200 1# - Titulo e menção de responsabilidade
Título próprio O dia depois de amanhã
Título paralelo The day after tomorrow
Indicação geral da natureza do documento registo vídeo
Primeira menção de responsabilidade real. Roland Emmerich
210 ## - Publicação, Distribuição, etc. 
Lugar da edição, distribuição, etc. PT
Nome do editor, distribuidor, etc. CLMC
Data da publicação, distribuição, etc. 2007
215 ## - Descrição física 
Indicação específica da natureza do documento e extensão da espécie 1DVD(PAL 2) (119 min.)
Outras indicações físicas col. , son
305 ## - Notas relativas à edição e história bibliográfica da publicação 
Texto da nota Data lançamento: 2004
323 ## - Nota ao elenco (material de projecção e video de registos sonoros) 
Texto da nota Elenco: Dennis Quaid; Jake Gyllenhaal; Ian Holm; Emmy Rossum
327 1# - Nota de conteúdo 
Texto da nota Conteúdo: Legendas: português; idioma: inglês; comentários audio do realizador e equipa; Cenas cortadas com comentário opcional; documentário: "The science of tomorrow: the science and politics of climate change" ; features; visão profunda dos bastidores; pré-produção; galerias de storyboards e arte, produção, pós-produção e produção musical
330 ## - Sumário ou Resumo
Texto da nota Quando uma súbita e violenta mudança na temperatura global causa uma torrente de cataclismos naturais por todo o planeta - incluindo tornados em Los Angeles, granizo do tamanho de bolas de basquetebol em Tóquio e uma tempestade de grande amplitude em Nova Iorque - os cientistas temem o início de uma nova Era Glaciar
333 ## - Nota relativa aos potenciais utilizadores
Texto da nota Classificação: M12
606 ## - Nome comum usado como assunto
Número de registo de entrada de autoridade 0001151
Palavra de ordem Filme
610 ## - Termos de indexação não controlados
Subject Term DVD cinema
675 ## - Classificação Decimal Universal (CDU)
Notação 791.43
Edição BN
Língua da edição eng
702 #1 - Nome de autor-pessoa física (responsabilidade secundária)
Número de registo de entrada de autoridade 0001152
Palavra de ordem Emmerich
Outra parte do nome não tomada para palavra de ordem Roland
Código de função Diretor / Director teatral / Realizador
942 ## - Elementos de entrada adicionados (Koha)
Tipo de item no Koha Livro
966 ## - Identificação da Biblioteca
Sigla NUMETECA
Exemplares
Situação do levantamento Origin of item (home branch) (coded) Biblioteca de empréstimo Código de barras Cota Circulation type (not for loan) Tipo de documento Nota do exemplar Damaged status
  Biblioteca Escolar Eng. Nuno Mergulhão Biblioteca Escolar Eng. Nuno Mergulhão BENM1725 F DIA 96   CD-ROM Sem mensagem